Normal view
MARC view
- Snicket, Lemony.
Entry Personal Name
001 - CONTROL NUMBER
- control field: 14264
003 - CONTROL NUMBER IDENTIFIER
- control field: NUST
005 - DATE AND TIME OF LATEST TRANSACTION
- control field: 20190510074125.0
008 - FIXED-LENGTH DATA ELEMENTS
- fixed length control field: 190510|| aca||aabn | a|a d
040 ## - CATALOGING SOURCE
- Original cataloging agency: NUST
- Transcribing agency: NUST
100 ## - HEADING--PERSONAL NAME
- Personal name: Snicket, Lemony.
- Title of a work: Series of unfortunate events ;
- Form subdivision: bk. 6.
670 ## - SOURCE DATA FOUND
- Source citation: Work cat.: (NUST)0: Snicket, Lemony. 14262, The ersatz elevator /, 2001.
